[Event "Gibraltar Masters 11th"]
[Site "Caleta"]
[Date "2013.01.29"]
[Round "8"]
[White "Grigoryan, Meri"]
[Black "Guerrero Romero, Antonio"]
[Result "1-0"]
[WhiteElo "2025"]
[BlackElo "1862"]
[PlyCount "76"]
[EventDate "2013.01.22"]
[EventType "swiss"]
[EventRounds "10"]
[EventCountry "GGB"]
[SourceTitle "CBM 153"]
[Source "ChessBase"]
[SourceDate "2013.03.14"]
[SourceVersion "1"]
[SourceVersionDate "2013.03.14"]
[SourceQuality "1"]

1. d4 d5 2. Nf3 e6 3. Bf4 Nf6 4. c3 Be7 5. Nbd2 0-0 6. e3 Nbd7 7. Bd3 Re8 8. Ne5 c6 9. Rc1 a6 10. Ndf3 g6 11. h4 Nxe5 12. Nxe5 Nd7 13. h5 g5 14. Bxh7+ Kf8 15. Nxd7+ Bxd7 16. Be5 Bf6 17. h6 Bxe5 18. dxe5 Qc7 19. f4 Qb6 20. Qd2 gxf4 21. exf4 Ke7 22. Qf2 Qxf2+ 23. Kxf2 Rh8 24. Bd3 b5 25. h7 c5 26. g4 c4 27. Bb1 a5 28. g5 b4 29. Rcg1 bxc3 30. bxc3 d4 31. g6 fxg6 32. Rxg6 Raf8 33. Rg7+ Kd8 34. cxd4 Rxf4+ 35. Ke3 Rff8 36. Rhg1 Be8 37. Rg8 Ke7 38. Rxh8 Rxh8 1-0

[Event "Gibraltar Masters 11th"]
[Site "Caleta"]
[Date "2013.01.25"]
[Round "4"]
[White "Wiedersich, Jens"]
[Black "Guerrero Romero, Antonio"]
[Result "1-0"]
[WhiteElo "2120"]
[BlackElo "1862"]
[PlyCount "62"]
[EventDate "2013.01.22"]
[EventType "swiss"]
[EventRounds "10"]
[EventCountry "GGB"]
[SourceTitle "CBM 153"]
[Source "ChessBase"]
[SourceDate "2013.03.14"]
[SourceVersion "1"]
[SourceVersionDate "2013.03.14"]
[SourceQuality "1"]

1. d4 d5 2. c4 e6 3. Nf3 Nf6 4. g3 c6 5. Qc2 Be7 6. Bg2 0-0 7. 0-0 Nbd7 8. Re1 Re8 9. Nbd2 h6 10. e4 dxe4 11. Nxe4 Nxe4 12. Rxe4 Nf8 13. Bd2 f5 14. Re2 Bf6 15. Bc3 Bd7 16. Rd1 Qc7 17. Bb4 a5 18. Bxf8 Rxf8 19. Ne5 Bc8 20. c5 a4 21. Nc4 Ra6 22. Bf1 Rd8 23. Red2 Ra7 24. a3 f4 25. Qe4 fxg3 26. hxg3 Kf8 27. Nb6 Re8 28. Qh7 Qf7 29. Bc4 g6 30. Qxh6+ Bg7 31. Qe3 Qf5 1-0

[Event "Gibraltar Masters 11th"]
[Site "Caleta"]
[Date "2013.01.24"]
[Round "3"]
[White "Guerrero Romero, Antonio"]
[Black "Herbold, Manfred"]
[Result "1-0"]
[WhiteElo "1862"]
[BlackElo "2164"]
[PlyCount "153"]
[EventDate "2013.01.22"]
[EventType "swiss"]
[EventRounds "10"]
[EventCountry "GGB"]
[SourceTitle "CBM 153"]
[Source "ChessBase"]
[SourceDate "2013.03.14"]
[SourceVersion "1"]
[SourceVersionDate "2013.03.14"]
[SourceQuality "1"]

1. d4 Nf6 2. Nf3 e6 3. Bg5 h6 4. Bh4 c5 5. c3 cxd4 6. Nxd4 d5 7. e3 Nc6 8. Nd2 e5 9. Nxc6 bxc6 10. Nf3 Bd6 11. Be2 0-0 12. 0-0 Be6 13. Qc2 c5 14. e4 d4 15. Rfd1 Qb6 16. Bxf6 gxf6 17. b3 Kh7 18. Rac1 Rfc8 19. Bc4 Bxc4 20. bxc4 Qa6 21. cxd4 cxd4 22. Nxd4 exd4 23. e5+ Kg7 24. exd6 Qxd6 25. Qe4 Rd8 26. Rd3 Qe5 27. Rg3+ Kf8 28. Qh7 Ke7 29. Qxh6 Rg8 30. Qd2 Rxg3 31. hxg3 Kf8 32. Re1 Qc5 33. Re4 f5 34. Rxd4 Re8 35. Rd5 Qxc4 36. Rxf5 Re6 37. Rf4 Qb5 38. Rb4 Qe5 39. Rh4 a5 40. Qd8+ Re8 41. Qd4 Qxd4 42. Rxd4 Re1+ 43. Kh2 Re2 44. Ra4 Rxf2 45. Rxa5 Kg7 46. g4 Rf4 47. Kh3 Rf1 48. a4 Rh1+ 49. Kg3 Rf1 50. Rf5 Ra1 51. a5 Ra4 52. Rb5 Ra3+ 53. Kh4 Ra2 54. g3 Ra3 55. g5 Ra4+ 56. Kh5 Kh7 57. g6+ fxg6+ 58. Kg5 Kg7 59. Rb7+ Kf8 60. Ra7 Ke8 61. a6 Kd8 62. Kh6 Kc8 63. Ra8+ Kc7 64. Kg5 Ra1 65. g4 Ra4 66. Kh4 Ra5 67. a7 Kb7 68. Rg8 Kxa7 69. Rxg6 Kb7 70. Rd6 Kc7 71. Rd4 Kc6 72. g5 Rd5 73. Rxd5 Kxd5 74. g6 Ke6 75. Kg5 Ke7 76. Kh6 Kf8 77. Kh7 1-0

[Event "Cadiz op 17th"]
[Site "San Fernando"]
[Date "2003.07.18"]
[Round "2.6"]
[White "Cruz Ravina, Francisco Javier"]
[Black "Guerrero Romero, Antonio"]
[Result "1-0"]
[WhiteElo "2273"]
[BlackElo "2003"]
[PlyCount "50"]
[EventDate "2003.07.18"]
[EventType "swiss"]
[EventRounds "8"]
[EventCountry "ESP"]
[SourceTitle "CBM 095 Extra"]
[Source "ChessBase"]
[SourceDate "2003.09.04"]
[SourceVersion "1"]
[SourceVersionDate "2003.09.04"]
[SourceQuality "1"]

1. Nf3 Nf6 2. g3 c5 3. Bg2 Nc6 4. d3 d5 5. Nbd2 e5 6. e4 dxe4 7. dxe4 Be7 8. 0-0 0-0 9. c3 Qc7 10. Qc2 h6 11. Nc4 Be6 12. Ne3 Rad8 13. Nh4 Qc8 14. f4 Bh3 15. Nef5 Bxg2 16. Qxg2 Rfe8 17. Nxg7 Kxg7 18. Nf5+ Kh7 19. fxe5 Nxe5 20. Bxh6 Qe6 21. Qh3 Nfg4 22. Bg7+ Nh6 23. Bxh6 f6 24. Bg7+ Kg6 25. Qh6+ Kf7 1-0